000 00597nam a2200229Ia 4500
003 GCL
008 140319s9999 xx 000 0 ara d
040 _aGCL /
_cGCL
082 0 4 _aد
_b050
_bف ث
100 1 _aفريد زهران
245 1 0 _aالثقافة الوطنية /
_cفريد زهران
300 _a1 مجلد
490 _aماذا اعرف
_v0
650 0 4 _aتاريخ
650 0 4 _aالعلوم الاجتماعية
650 0 4 _aالادب
650 0 4 _aالثقافة
650 0 4 _aدوريات
650 0 4 _aسياسة
650 0 4 _aالفنون
942 _2ddc
_cCF
999 _c27080
_d27080